Versiones preliminares de los documentos básicos de la conferencia e informes de los simposios: Nota del secretario general de la conferencia

Guardat en:
Dades bibliogràfiques
Format: Text
Publicat: s.l.e.: NU. Consejo Económico y Social
Etiquetes: Afegir etiqueta
Sense etiquetes, Sigues el primer a etiquetar aquest registre!

MARC

LEADER 00000 a a2200000 04500
001 17256
003
040
090 |a 011100  
245 |a Versiones preliminares de los documentos básicos de la conferencia e informes de los simposios: Nota del secretario general de la conferencia  
260 |a s.l.e.:   |b NU. Consejo Económico y Social  
300 |a 87 p.  
999 |c 15119  |d 15119